000 00850nam a22002657a 4500
001 8898
003 FISKH
005 20251030105942.0
008 251030b cb ||||| |||| 00| 0 eng d
020 _a9780711208193
040 _aFISKH
_beng
_cFISKH
_dFISKH 823.914 LCC PZ7.G3627 R
050 _aPZ7.G3627 R
082 _a 823.914
100 _aGiffard, Hannah
245 _aRed Fox on the move /
_cHannah Giffard
260 _aToronto :
_bFrances Lincoln,
_c1992.
300 _a36 pages :
_bcolor illustrations ;
_c22 cm
505 _aJ
520 _aWhen they are moved out of their cozy den by an invading bulldozer, Red Fox and his family find a new home in an unexpected place.
521 8 _a430
_bLexile estimate
521 8 _aJ
_bRaz-Plus
650 _aEnglish fiction
_xPicture book
942 _2ddc
_cBK
_n0
999 _c8898
_d8898